000 00346nam a2200145Ia 4500
005 20251222151323.0
008 251222s9999||||xx |||||||||||||| ||spa||
020 _a844950323X
082 _a615.321/A32
100 _aAgustí, P.
245 0 _aGuía Aromaterápia Flores Curativas
250 _a1ra.ed.
264 _bCofás, S.A.
942 _cLIB
999 _c23780
_d23780